Bielorusko - príklad postkomunistickej krajiny bez tranzície
Obdobie od polovice 80. do polovice 90. rokov 20. storočia bolo pre väčšinu krajín SVE obdobím demokratickej tranzície - nie tak pre Bielorusko. Dôvody odlišnosti procesov v tejto republike. V Bielorusku išlo o prechod z nedemokratického (totalitného) režimu na iný nedemokratický - autoritatívny rež...
Uložené v:
| Hlavný autor: | |
|---|---|
| Médium: | Kapitola |
| Jazyk: | Slovak |
| Predmet: | |
| Tagy: |
Žiadne tagy, Buďte prvý, kto otaguje tento záznam!
|
MARC
| LEADER | 00000naa$a2200000$$$4500 | ||
|---|---|---|---|
| 001 | 0035913 | ||
| 005 | 20211012113747.6 | ||
| 041 | 0 | |a slo | |
| 044 | |a SK | ||
| 245 | 1 | 0 | |a Bielorusko - príklad postkomunistickej krajiny bez tranzície |c Jana Dvoranová |
| 520 | |a Obdobie od polovice 80. do polovice 90. rokov 20. storočia bolo pre väčšinu krajín SVE obdobím demokratickej tranzície - nie tak pre Bielorusko. Dôvody odlišnosti procesov v tejto republike. V Bielorusku išlo o prechod z nedemokratického (totalitného) režimu na iný nedemokratický - autoritatívny režim. Predpokladaný budúci vývoj Bieloruska. | ||
| 610 | 2 | 0 | |a Bielorusko |
| 610 | 2 | 0 | |a vývoj politický |
| 610 | 2 | 0 | |a história |
| 610 | 2 | 0 | |a systémy politické |
| 610 | 2 | 0 | |a politika vnútorná |
| 100 | 1 | |a Dvoranová, Jana | |